| 000 -LEADER |
| fixed length control field |
00564cam a2200205 a 4500 |
| 001 - CONTROL NUMBER |
| control field |
10632 |
| 003 - CONTROL NUMBER IDENTIFIER |
| control field |
BD-DhUAP |
| 005 - DATE AND TIME OF LATEST TRANSACTION |
| control field |
20200204122601.0 |
| 008 - FIXED-LENGTH DATA ELEMENTS--GENERAL INFORMATION |
| fixed length control field |
200204s2009 bg 001 0 eng |
| 020 ## - INTERNATIONAL STANDARD BOOK NUMBER |
| International Standard Book Number |
9843237968 |
| 040 ## - CATALOGING SOURCE |
| Original cataloging agency |
BD-DhUAP |
| Transcribing agency |
BD-DhUAP |
| Modifying agency |
BD-DhUAP |
| Language of cataloging |
Eng |
| 082 00 - DEWEY DECIMAL CLASSIFICATION NUMBER |
| Edition number |
23 |
| Classification number |
342.549202 SAL |
| 100 ## - MAIN ENTRY--PERSONAL NAME |
| Personal name |
Salam, M. A. |
| 245 14 - TITLE STATEMENT |
| Title |
The constitution of Bangladesh / |
| Statement of responsibility, etc. |
M. A. Salam. |
| 250 ## - EDITION STATEMENT |
| Edition statement |
7th ed. |
| 260 ## - PUBLICATION, DISTRIBUTION, ETC. |
| Place of publication, distribution, etc. |
Dhaka : |
| Name of publisher, distributor, etc. |
Shams publications, |
| Date of publication, distribution, etc. |
c2015. |
| 300 ## - PHYSICAL DESCRIPTION |
| Extent |
335 pages ; |
| Dimensions |
25 cm. |
| 650 #0 - SUBJECT ADDED ENTRY--TOPICAL TERM |
| Topical term or geographic name entry element |
Constitutional law |
| Geographic subdivision |
Bangladesh. |
| 942 ## - ADDED ENTRY ELEMENTS (KOHA) |
| Source of classification or shelving scheme |
|
| Koha item type |
Book |